000 00388pam a2200157a 44500
008 230515b1987 xxu||||| |||| 00| 0 eng d
020 _aNULL
041 _aENGLISH
082 _a630
100 _a6403-1981
245 _aCODE OF PRACTICE E FOR DETERMINATION OF BEARING CAPACITY OF SHALLOW FOUNDATIONS
250 _a0
260 _aDELHI
_bISI
_c1987
300 _a12
650 _aNULL
999 _c652056
_d652056